| 000 | 00792nam a2200229Ia 4500 | ||
|---|---|---|---|
| 003 | OSt | ||
| 005 | 20200723171950.0 | ||
| 008 | 191128s1995 ck er 000 f spa d | ||
| 020 | _a9582403063 | ||
| 040 |
_aCO-JMCR _cCO-JMCR |
||
| 041 | _aspa | ||
| 082 | 1 | 4 |
_aN / _bMUTs |
| 100 | 1 |
_aMutis, Álvaro, _d1923-2013 _eautor _97735 |
|
| 245 | 1 | 0 |
_aSiete novelas / _cÁlvaro Mutis |
| 250 | _aPrimera edición | ||
| 260 |
_aBogotá : _bAlfaguara, _c1995 |
||
| 300 |
_a717 páginas ; _c24 cm. |
||
| 500 | _aBiografía del autor en solapa | ||
| 505 | _aLa nieve del almirante -- Ilona llega con la lluvia -- Un bel morir -- La última escala del tramp steamer -- Amirbar -- Abdul Bashur, soñador de navíos -- Tríptico de mar y tierra | ||
| 650 | 1 | 4 |
_aNovela Colombiana _97736 |
| 942 |
_2ddc _cBK |
||
| 999 |
_c4195 _d4195 |
||